Vector analysis with applications (Record no. 7970)

000 -LEADER
fixed length control field 00491nam a22001937a 4500
001 - CONTROL NUMBER
control field 7970
003 - CONTROL NUMBER IDENTIFIER
control field BD-DhUET
008 - FIXED-LENGTH DATA ELEMENTS--GENERAL INFORMATION
fixed length control field 141221b xxu||||| |||| 00| 0 eng d
040 ## - CATALOGING SOURCE
Transcribing agency 0
Modifying agency BD-DhUET
082 ## - DEWEY DECIMAL CLASSIFICATION NUMBER
Classification number 516.83
Item number ALI/1977
100 ## - MAIN ENTRY--PERSONAL NAME
Personal name Ali Ashraf
245 ## - TITLE STATEMENT
Title Vector analysis with applications
Statement of responsibility, etc. by Ali Ashraf
250 ## - EDITION STATEMENT
Edition statement 1st ed.
260 ## - PUBLICATION, DISTRIBUTION, ETC. (IMPRINT)
Place of publication, distribution, etc. Dhaka
Name of publisher, distributor, etc. Hafiz book centre
Date of publication, distribution, etc. 1977
300 ## - PHYSICAL DESCRIPTION
Extent 340[2]p.
Other physical details ill.
650 #0 - SUBJECT ADDED ENTRY--TOPICAL TERM
Topical term or geographic name as entry element Vector analysis
700 ## - ADDED ENTRY--PERSONAL NAME
Personal name Abdul Khaleq Hazra, Md.
942 ## - ADDED ENTRY ELEMENTS (KOHA)
Koha item type General Book
Holdings
Koha item type Damaged status Shelving location Location (home branch) Koha full call number Not for loan Piece designation (barcode) Koha issues (times borrowed) Koha date last seen Price effective from Koha date last borrowed Lost status Date acquired Copy number Koha normalized classification for sorting Withdrawn status Koha out on loan Sublocation or collection (holding branch) Source of classification or shelving scheme
General Book Circulation sectionCentral Library, BUET516.83/ALI/1977 48782132025-11-092014-12-212023-09-26 2014-12-211516_830000000000000_ALI_1977  Central Library, BUET 
General Book Circulation sectionCentral Library, BUET516.83/ALI/1977 4878592024-02-042015-03-312024-02-04 2015-03-312516_830000000000000_ALI_1977 2024-02-18Central Library, BUET 
General Book Reading sectionCentral Library, BUET516.83/ALI/1977 56215 2015-06-072015-06-07  2015-06-073516_830000000000000_ALI_1977  Central Library, BUET 
General Book Reading sectionCentral Library, BUET516.83/ALI/1977 56213 2015-06-072015-06-07  2015-06-074516_830000000000000_ALI_1977  Central Library, BUET 
General Book Reading sectionCentral Library, BUET516.83/ALI/1977 56216 2015-06-072015-06-07  2015-06-075516_830000000000000_ALI_1977  Central Library, BUET 
General Book Reading sectionCentral Library, BUET516.83/ALI/1977 56218 2015-06-072015-06-07  2015-06-076516_830000000000000_ALI_1977  Central Library, BUET 
General Book Circulation sectionCentral Library, BUET516.83/ALI/1977 5621212025-11-092015-07-122024-10-23 2015-07-127516_830000000000000_ALI_1977  Central Library, BUET